Designing greenhouse gas reduction and regulatory systems (Record no. 57311)
[ view plain ]
| 000 -LEADER | |
|---|---|
| fixed length control field | 01506nam a2200361 a 4500 |
| 082 04 - DEWEY DECIMAL CLASSIFICATION NUMBER | |
| Classification number | 344.73046 |
| 245 00 - TITLE STATEMENT | |
| Title | Designing greenhouse gas reduction and regulatory systems |
| 260 ## - PUBLICATION, DISTRIBUTION, ETC. (IMPRINT) | |
| Place of publication | New York : |
| Name of publisher | Nova Science Publishers, |
| Year of publication | 2009. |
| 300 ## - PHYSICAL DESCRIPTION | |
| Number of Pages | viii, 79 p. |
| 490 1# - SERIES STATEMENT | |
| Series statement | Climate change and its causes, effects and prediction series |
| 500 ## - GENERAL NOTE | |
| General note | "Edited, excerpted and augmented" from reports prepared for the Congress. |
| 650 #0 - SUBJECT ADDED ENTRY--TOPICAL TERM | |
| Topical Term | Greenhouse gas mitigation |
| 700 1# - ADDED ENTRY--PERSONAL NAME | |
| Personal name | Enden, Sonja. |
| 856 40 - ELECTRONIC LOCATION AND ACCESS | |
| Uniform Resource Identifier | http://site.ebrary.com/lib/rucke/Doc?id=10674906 |
No items available.
